000 00270nam a2200121 i 4500
001 bg
245 0 _aWybrane zagadnienia z elektrotechniki.
260 _aSzczecin,
_c1987.
040 _cBPK
041 _apol
942 _cKS
008 s pl f |000 0 pol
999 _c28844
_d28844
856 _uhttp://koha.tu.koszalin.pl/cgi-bin/koha/opac-detail.pl?biblionumber=28844
_yKatalog online BPK